000 00483nam a2200169 i 4500
001 40520
003 ES-MaACL
007 t|
008 030306s1985 pr ||||1| spa d
100 1 _aCarrión, Juan Francisco.
_935802
245 1 0 _aCantos de emoción /
_cJuan Francisco Carrión.
250 _a[2ª ed.].
260 _a[Hato Rey (Puerto Rico) :
_bEsmaco,
_c1985]
300 _a75 p. ;
_c19 cm.
852 _aES-MaACL
_jL-9003
_bR.108688
852 _aES-MaACL
_jL-9308
_bR.108689
999 _c40520
_d40520